| 000 | 00852cam a22002777a 4500 | ||
|---|---|---|---|
| 001 | 32767 | ||
| 003 | AR-RoBPED | ||
| 005 | 20260515113214.0 | ||
| 008 | 260514s2017 ag abdodr|||| 001 0 spa d | ||
| 020 | _a9789877315356 | ||
| 040 | _aAR-RoBPED | ||
| 041 | _aspa | ||
| 100 | 1 |
_aLanteri, Silvia _922113 _edir. |
|
| 245 | 1 | 0 |
_aCiencias sociales / _c[bajo la dirección editorial de Silvia Lanteri ; Marcelo Musa [et al.] ] |
| 260 |
_aBuenos Aires : _bSM, _c2017. |
||
| 300 |
_a271 p. : _bil. col. fot. |
||
| 490 | 0 | _a(Savia) | |
| 650 | 4 |
_aACTIVIDADES _919489 |
|
| 650 |
_aTEXTO _937 |
||
| 650 | 4 |
_aENSEÑANZA SECUNDARIA _9412 |
|
| 650 | 4 |
_aGEOGRAFIA _948 |
|
| 650 | 4 |
_aHISTORIA UNIVERSAL _9528 |
|
| 700 | 1 |
_aMusa, Marcelo Néstor _923586 |
|
| 942 |
_2udc _cBK _h308 _mL 23 Savia _ak. 32767 _pInv. 42455 |
||
| 945 | _acd 14/05/2026 - mev 15/05/2026 | ||
| 999 |
_c32767 _d32767 |
||